| 000 | 02132nam0a2200385 4500 | ||
|---|---|---|---|
| 001 | RU\NLR\bibl\394431 | ||
| 005 | 20260607062800.0 | ||
| 010 |
_a5-7982-0089-2 _9200 |
||
| 021 |
_aRU _b2002-67583 _93274 |
||
| 035 | _a(NLR Aleph) 000388700 | ||
| 090 |
_a501762 _c501762 |
||
| 100 | _a20030402d2002 |||y0rusy50 ca | ||
| 101 | 0 | _arus | |
| 102 | _aRU | ||
| 105 | _ay ||||||||| | ||
| 200 | 1 |
_aПневмокомпрессия в комплексном лечении хронической венозной недостаточности _eМетод. рекомендации _fРос. акад. мед. наук, Науч. центр сердеч.-сосудистой хирургии им. А.Н. Бакулева РАМН, М-во здравоохранения Рос. Федерации, Рос. гос. мед. ун-т _gСост. К. Г. Абалмасов и др. _gПод ред. Л. А. Бокерия |
|
| 210 |
_aМ. _cИзд-во НЦССХ _d2002 |
||
| 215 |
_a13, [1] с. _cил. _d20 |
||
| 320 | _aБиблиогр. в конце кн. (15 назв.) | ||
| 606 | 0 |
_aВены нижних конечностей _jМетодические пособия _xНедостаточность _xТерапия пневматической компрессией _92289206 _3RU\NLR\auth\661371097 |
|
| 610 | 0 | _aВены варикозные нижних конечностей - Лечение комплексное | |
| 675 |
_a616.147.3-008.64 _v3 _zrus |
||
| 686 |
_a76.29 _2rugasnti |
||
| 686 |
_a54.102 _2rubbk |
||
| 686 | _aР457.862.305.2-5я8 | ||
| 702 | 1 |
_aАбалмасов _bК. Г. _gКонстантин Георгиевич _4220 |
|
| 702 | 1 |
_4340 _7ca _8rus _aБокерия _bЛ. А. _f1939- _gЛеонид Антонович _9479 _3RU\NLR\auth\7717392 |
|
| 712 | 0 | 2 |
_4570 _aНаучный центр сердечно-сосудистой хирургии им. А. Н. Бакулева _cМосква _9305805 _3RU\NLR\AUTH\8816332 |
| 801 | 0 |
_aRU _bRKP _c20030402 _gPSBO |
|
| 801 | 1 |
_aRU _bRKP _c20030402 |
|
| 801 | 2 |
_aRU _bNLR _c20070402 _grcr |
|
| 942 | _cBOOK | ||
| 980 | _aNB | ||